000 00921nam a2200301 a 4500
001 000109757
003 CHAP
005 20220329144102.0
008 140526s2012 mx a |rm |0|||||spa|d
010 _a106219
011 _a107191
040 _cCHAP
090 _aTesis
100 1 _aBarrientos Manrique, Eduardo
_9127029
245 1 0 _aCaracterización de una población mutante de Jatropa curcas L. en R1M3 para biocombustible /
_cpor Eduardo Barrientos Manrique.
260 _aCocula, Gro. :
_bEl autor,
_c2012.
300 _axviii, 111 h. :
_bil.
502 _aTesis (Ing. Agr. Fitotecnista) -- CSAEGRO
590 _aE792CSJ
_b05
_c20140526
_lUCH01
_h1156
650 1 4 _aAceites vegetales como combustible.
_9464
650 1 4 _aBiocarburante.
_912716
650 1 4 _aBioenergía.
_912731
650 1 4 _aJatropha curcas.
_961233
650 1 4 _aPiñón.
_988477
901 _aBK
942 _cTESIS
942 _n0
999 _c106219
_d106219